000 00790cam a22001814a 4500
005 20250605164357.0
008 250528s ||||||||||||||||||||||||d
035 _a24410
040 _aGR-AtMCL
_bgre
_dGR-AtMCL
_eAACR2
245 1 _aOncology / The Prospects of Medicinal Plants such as Frankincense in Treating Breast Cancer
260 _bRussel Publishing Ltd,
_c2016
300 _a64
520 _aRaman Focus: The Various Applications of Raman Techniques including Handheld and Transition Technologies are Explored in Our Raman Supplement, RMMs Focus: Including Articles on the Validation of Rapid Methods with Statistics and Scientific Considerations When Using RMMs.
700 1 _aRichards Caroline
_99463
942 _cCR
999 _c9294
_d9294